[Event "ISR-ch Women 2018"]
[Site "Ma'alot-Tarshih"]
[Date "2018.12.15"]
[Round "4"]
[White "Orian, Noga"]
[Black "Vardi, Shlomit"]
[Result "0-1"]
[WhiteElo "1343"]
[BlackElo "1910"]
[Annotator "NA"]
[PlyCount "64"]
[EventDate "2018.12.11"]
[EventType "swiss"]
[EventCountry "ISR"]
[SourceTitle "playchess.com"]
[Source "ChessBase"]
[SourceQuality "1"]
[TimeControl "40/5400+30:1800+30"]

1. Nf3 {[%emt 0:00:00]} d6 {[%emt 0:00:00]} 2. g3 {[%emt 0:00:00]} Nf6 {[%emt 0:00:30]} 3. Bg2 {[%emt 0:00:00]} g6 {[%emt 0:00:35]} 4. O-O {[%emt 0:00:00]} Bg7 {[%emt 0:00:08]} 5. d4 {[%emt 0:00:16]} O-O {[%emt 0:00:13]} 6. c4 {[%emt 0:00:38]} Nbd7 {[%emt 0:00:34]} 7. Nc3 {[%emt 0:00:20]} c6 {[%emt 0:02:49]} 8. b3 {[%emt 0:05:28]} Re8 {[%emt 0:03:18]} 9. Bb2 {[%emt 0:00:41]} e5 {[%emt 0:00:39]} 10. e3 {[%emt 0:00:32]} Nh5 {[%emt 0:09:56]} 11. Rc1 {[%emt 0:10:49]} f5 {[%emt 0:00:47]} 12. Ba3 {[%emt 0:06:35]} e4 {[%emt 0:03:14]} 13. Ne1 {[%emt 0:08:59]} Ndf6 {[%emt 0:03:30]} 14. b4 {[%emt 0:11:08]} g5 {[%emt 0:03:31]} 15. d5 {[%emt 0:09:08]} f4 {[%emt 0:11:55]} 16. exf4 {[%emt 0:06:56]} gxf4 {[%emt 0:03:18]} 17. Nxe4 {[%emt 0:10:01]} Nxe4 {[%emt 0:00:40]} 18. Bxe4 {[%emt 0:00:17]} Rxe4 {[%emt 0:00:15]} 19. Qxh5 {[%emt 0:00:09]} Qe7 {[%emt 0:10:21]} 20. Ng2 {[%emt 0:12:47]} fxg3 {[%emt 0:05:22]} 21. hxg3 {[%emt 0:00:39]} Bg4 {[%emt 0:00:59]} 22. Qh2 {[%emt 0:00:34]} Qf7 {[%emt 0:12:38]} 23. Ne3 {[%emt 0:02:38]} Bf3 {[%emt 0:04:46]} 24. Rc2 {[%emt 0:03:12]} Qg6 {[%emt 0:06:50]} 25. Bb2 {[%emt 0:01:17]} Bh6 {[%emt 0:01:30]} 26. Bc1 {[%emt 0:00:41]} Rae8 {[%emt 0:01:28]} 27. Re1 {[%emt 0:01:27]} R8e5 {[%emt 0:00:34]} 28. Qh3 {[%emt 0:04:08]} Rh5 {[%emt 0:00:36]} 29. Qc8+ {[%emt 0:01:31]} Re8 {[%emt 0:00:10]} 30. Ng2 {[%emt 0:03:29]} Rxc8 {[%emt 0:00:15]} 31. Rc3 {[%emt 0:00:26]} Qg4 {[%emt 0:02:09]} 32. Bxh6 {[%emt 0:00:41]} Rh1+ {[%emt 0:00:24]} 0-1

[Event "ISR-ch Women 2018"]
[Site "Ma'alot-Tarshih"]
[Date "2018.12.16"]
[Round "5"]
[White "Shvayger, Yuliya"]
[Black "Efroimski, Marsel"]
[Result "1/2-1/2"]
[WhiteElo "2393"]
[BlackElo "2301"]
[Annotator "NA"]
[PlyCount "94"]
[EventDate "2018.12.11"]
[EventType "swiss"]
[EventCountry "ISR"]
[SourceTitle "playchess.com"]
[Source "ChessBase"]
[SourceQuality "1"]
[TimeControl "40/5400+30:1800+30"]

1. e4 {[%emt 0:01:37]} c5 {[%emt 0:00:00]} 2. b3 {[%emt 0:00:23]} Nc6 {[%emt 0:06:44]} 3. Bb2 {[%emt 0:00:09]} e5 {[%emt 0:02:20]} 4. Bc4 {[%emt 0:01:09]} Nf6 {[%emt 0:00:15]} 5. d3 {[%emt 0:02:15]} Be7 {[%emt 0:05:48]} 6. Nc3 {[%emt 0:00:45]} a6 {[%emt 0:03:48]} 7. a4 {[%emt 0:00:24]} Rb8 {[%emt 0:01:11]} 8. Nge2 {[%emt 0:01:19]} O-O {[%emt 0:05:49]} 9. O-O {[%emt 0:00:29]} d6 {[%emt 0:07:34]} 10. Qd2 {[%emt 0:08:23]} Nh5 {[%emt 0:07:08]} 11. Bc1 {[%emt 0:28:40]} h6 {[%emt 0:03:51]} 12. Qd1 {[%emt 0:03:07]} Bg5 {[%emt 0:06:49]} 13. Rb1 {[%emt 0:08:18]} Bxc1 {[%emt 0:09:28]} 14. Qxc1 {[%emt 0:01:30]} Qg5 {[%emt 0:00:18]} 15. f4 {[%emt 0:01:02]} exf4 {[%emt 0:01:42]} 16. Nxf4 {[%emt 0:00:06]} Nxf4 {[%emt 0:07:19]} 17. Qxf4 {[%emt 0:00:54]} Qxf4 {[%emt 0:01:24]} 18. Rxf4 {[%emt 0:00:02]} Be6 {[%emt 0:03:27]} 19. Rf2 {[%emt 0:02:31]} Nd4 {[%emt 0:14:45]} 20. a5 {[%emt 0:03:04]} Nc6 {[%emt 0:00:47]} 21. Ra1 {[%emt 0:00:02]} Rbe8 {[%emt 0:04:20]} 22. Bd5 {[%emt 0:00:48]} Bxd5 {[%emt 0:02:17]} 23. Nxd5 {[%emt 0:00:03]} f5 {[%emt 0:01:21]} 24. exf5 {[%emt 0:05:23]} Re5 {[%emt 0:00:12]} 25. Nc3 {[%emt 0:00:44]} Rexf5 {[%emt 0:01:50]} 26. Rxf5 {[%emt 0:00:03]} Rxf5 {[%emt 0:00:01]} 27. Ne4 {[%emt 0:00:02]} Rd5 {[%emt 0:00:46]} 28. Kf2 {[%emt 0:07:14]} Kf8 {[%emt 0:00:13]} 29. Ke3 {[%emt 0:00:18]} Ke7 {[%emt 0:00:15]} 30. h3 {[%emt 0:02:14]} Rf5 {[%emt 0:00:24]} 31. c3 {[%emt 0:01:29]} Kd7 {[%emt 0:00:50]} 32. Ke2 {[%emt 0:02:28]} Re5 {[%emt 0:00:50]} 33. Kd2 {[%emt 0:00:53]} Rf5 {[%emt 0:00:21]} 34. Ke3 {[%emt 0:00:25]} Kc7 {[%emt 0:00:42]} 35. Ke2 {[%emt 0:01:57]} Ne7 {[%emt 0:01:48]} 36. g3 {[%emt 0:04:50]} Kc6 {[%emt 0:00:29]} 37. c4 {[%emt 0:03:26]} Kd7 {[%emt 0:00:17]} 38. Nd2 {[%emt 0:04:10]} Nc6 {[%emt 0:00:23]} 39. Nf3 {[%emt 0:00:02]} Rf7 {[%emt 0:00:54]} 40. Ke3 {[%emt 0:03:51]} Re7+ {[%emt 0:00:40]} 41. Kf2 {[%emt 0:31:00]} Rf7 {[%emt 0:30:37]} 42. Kg2 {[%emt 0:00:48]} g5 {[%emt 0:00:00]} 43. Ra2 {[%emt 0:00:00]} Ke6 {[%emt 0:00:00]} 44. g4 {[%emt 0:00:00]} Rf4 {[%emt 0:00:00]} 45. Kg3 {[%emt 0:00:00]} Ne5 {[%emt 0:00:00]} 46. Nxe5 {[%emt 0:00:00]} dxe5 {[%emt 0:00:00]} 47. Rf2 {[%emt 0:00:00]} Kd6 {[%emt 0:00:00]} 1/2-1/2

[Event "ISR-ch Women 2018"]
[Site "Ma'alot-Tarshih"]
[Date "2018.12.16"]
[Round "5"]
[White "Reprun, Nadejda"]
[Black "Nesterovskaya, Anzhelika"]
[Result "1/2-1/2"]
[WhiteElo "2016"]
[BlackElo "2130"]
[Annotator "NA"]
[PlyCount "183"]
[EventDate "2018.12.11"]
[EventType "swiss"]
[EventCountry "ISR"]
[SourceTitle "playchess.com"]
[Source "ChessBase"]
[SourceQuality "1"]
[TimeControl "40/5400+30:1800+30"]

1. e4 {[%emt 0:01:48]} c5 {[%emt 0:00:00]} 2. Nf3 {[%emt 0:00:04]} d6 {[%emt 0:00:00]} 3. d4 {[%emt 0:00:05]} cxd4 {[%emt 0:00:04]} 4. Nxd4 {[%emt 0:00:05]} Nf6 {[%emt 0:00:04]} 5. Nc3 {[%emt 0:00:04]} g6 {[%emt 0:00:07]} 6. Be2 {[%emt 0:01:21]} Bg7 {[%emt 0:00:18]} 7. O-O {[%emt 0:00:06]} O-O {[%emt 0:00:43]} 8. Re1 {[%emt 0:00:11]} a6 {[%emt 0:00:36]} 9. Bf1 {[%emt 0:02:04]} b5 {[%emt 0:06:17]} 10. a4 {[%emt 0:11:15]} b4 {[%emt 0:01:13]} 11. Nd5 {[%emt 0:01:06]} Nxd5 {[%emt 0:02:15]} 12. exd5 {[%emt 0:00:04]} Bb7 {[%emt 0:00:38]} 13. Nb3 {[%emt 0:09:35]} Nd7 {[%emt 0:02:09]} 14. Bg5 {[%emt 0:15:31]} Re8 {[%emt 0:01:45]} 15. Ra2 {[%emt 0:07:04]} Nb6 {[%emt 0:04:28]} 16. Qd2 {[%emt 0:01:18]} Qc7 {[%emt 0:10:21]} 17. Qxb4 {[%emt 0:03:39]} Nxd5 {[%emt 0:03:32]} 18. Qd2 {[%emt 0:00:31]} f6 {[%emt 0:11:10]} 19. Bh4 {[%emt 0:07:11]} a5 {[%emt 0:11:49]} 20. Bb5 {[%emt 0:14:52]} Rec8 {[%emt 0:01:42]} 21. c4 {[%emt 0:01:12]} Nb4 {[%emt 0:01:39]} 22. Raa1 {[%emt 0:00:06]} e5 {[%emt 0:01:05]} 23. Rad1 {[%emt 0:01:19]} d5 {[%emt 0:14:10]} 24. cxd5 {[%emt 0:01:51]} Bxd5 {[%emt 0:00:18]} 25. Rc1 {[%emt 0:02:39]} Qb6 {[%emt 0:00:26]} 26. Rc3 {[%emt 0:00:33]} Rd8 {[%emt 0:07:42]} 27. Qe2 {[%emt 0:01:59]} Na2 {[%emt 0:01:40]} 28. Rd3 {[%emt 0:00:19]} Nb4 {[%emt 0:03:02]} 29. Rc3 {[%emt 0:00:08]} Kh8 {[%emt 0:01:02]} 30. Nd2 {[%emt 0:04:42]} Qd4 {[%emt 0:02:00]} 31. Bg3 {[%emt 0:01:37]} Bxg2 {[%emt 0:01:25]} 32. Nb3 {[%emt 0:01:11]} Qd5 {[%emt 0:00:10]} 33. Bc4 {[%emt 0:01:03]} Qc6 {[%emt 0:01:40]} 34. Bb5 {[%emt 0:00:06]} Qb7 {[%emt 0:00:10]} 35. f3 {[%emt 0:04:12]} Bh3 {[%emt 0:00:10]} 36. Bf2 {[%emt 0:00:10]} Nd5 {[%emt 0:03:17]} 37. Rc6 {[%emt 0:02:17]} Nf4 {[%emt 0:00:32]} 38. Qc4 {[%emt 0:01:07]} Bf5 {[%emt 0:05:10]} 39. Nc5 {[%emt 0:01:04]} Qa7 {[%emt 0:01:37]} 40. Ne4 {[%emt 0:01:01]} Nh3+ {[%emt 0:00:06]} 41. Kg2 {[%emt 0:30:11]} Nxf2 {[%emt 0:30:10]} 42. Nxf2 {[%emt 0:00:07]} Rd2 {[%emt 0:00:28]} 43. Re2 {[%emt 0:01:09]} Rxe2 {[%emt 0:00:01]} 44. Qxe2 {[%emt 0:00:07]} Qd4 {[%emt 0:00:19]} 45. Ne4 {[%emt 0:01:16]} Qd8 {[%emt 0:00:51]} 46. Nd6 {[%emt 0:03:02]} Be6 {[%emt 0:01:24]} 47. Qc2 {[%emt 0:00:00]} Bf8 {[%emt 0:00:00]} 48. Ne4 {[%emt 0:00:00]} Bf5 {[%emt 0:00:00]} 49. Bd3 {[%emt 0:00:00]} Be7 {[%emt 0:00:00]} 50. b3 {[%emt 0:00:00]} Rc8 {[%emt 0:00:00]} 51. Ba6 {[%emt 0:00:00]} Rxc6 {[%emt 0:00:00]} 52. Qxc6 {[%emt 0:00:00]} Bd7 {[%emt 0:00:00]} 53. Qc4 {[%emt 0:00:00]} f5 {[%emt 0:00:00]} 54. Nc3 {[%emt 0:00:00]} Bb4 {[%emt 0:00:00]} 55. Ne2 {[%emt 0:00:00]} Qg5+ {[%emt 0:00:00]} 56. Kf1 {[%emt 0:00:00]} f4 {[%emt 0:00:00]} 57. Bc8 {[%emt 0:00:00]} Qf5 {[%emt 0:00:00]} 58. Bxd7 {[%emt 0:00:00]} Qxd7 {[%emt 0:00:00]} 59. Kg2 {[%emt 0:00:00]} Kg7 {[%emt 0:00:00]} 60. Nc1 {[%emt 0:00:00]} Qd2+ {[%emt 0:00:00]} 61. Ne2 {[%emt 0:00:00]} Qd8 {[%emt 0:00:00]} 62. Qe6 {[%emt 0:01:20]} Qg5+ {[%emt 0:00:00]} 63. Kf1 {[%emt 0:00:20]} Qf5 {[%emt 0:00:00]} 64. Qxf5 {[%emt 0:01:30]} gxf5 {[%emt 0:00:00]} 65. Nc1 {[%emt 0:00:03]} e4 {[%emt 0:00:00]} 66. Na2 {[%emt 0:00:38]} Bd6 {[%emt 0:01:00]} 67. Nc3 {[%emt 0:01:11]} e3 {[%emt 0:00:12]} 68. Nb5 {[%emt 0:01:38]} Be5 {[%emt 0:03:58]} 69. Ke2 {[%emt 0:00:14]} Kf6 {[%emt 0:00:27]} 70. Kd3 {[%emt 0:00:49]} Kg5 {[%emt 0:01:35]} 71. Na7 {[%emt 0:00:17]} Kh4 {[%emt 0:01:07]} 72. Nc6 {[%emt 0:00:07]} Bc7 {[%emt 0:00:11]} 73. b4 {[%emt 0:01:07]} axb4 {[%emt 0:00:05]} 74. Nxb4 {[%emt 0:00:04]} Kh3 {[%emt 0:00:39]} 75. Nd5 {[%emt 0:00:16]} Bb8 {[%emt 0:00:53]} 76. Ne7 {[%emt 0:01:55]} Kxh2 {[%emt 0:00:51]} 77. a5 {[%emt 0:00:17]} Kg2 {[%emt 0:01:20]} 78. Ke2 {[%emt 0:00:09]} h5 {[%emt 0:01:07]} 79. Nxf5 {[%emt 0:01:47]} Kh3 {[%emt 0:01:31]} 80. Kf1 {[%emt 0:00:23]} Ba7 {[%emt 0:00:21]} 81. a6 {[%emt 0:00:38]} Bb8 {[%emt 0:00:47]} 82. Ke2 {[%emt 0:00:05]} Kg2 {[%emt 0:00:25]} 83. Nh4+ {[%emt 0:00:09]} Kh3 {[%emt 0:00:30]} 84. Nf5 {[%emt 0:00:01]} h4 {[%emt 0:00:27]} 85. Kf1 {[%emt 0:03:00]} Ba7 {[%emt 0:00:11]} 86. Ke2 {[%emt 0:00:01]} Bb8 {[%emt 0:00:11]} 87. Kf1 {[%emt 0:00:01]} Ba7 {[%emt 0:00:05]} 88. Ke2 {[%emt 0:00:16]} Bb8 {[%emt 0:00:04]} 89. Kf1 {[%emt 0:00:24]} Kh2 {[%emt 0:06:48]} 90. Ne7 {[%emt 0:03:58]} h3 {[%emt 0:00:30]} 91. Nc6 {[%emt 0:00:30]} Kg3 {[%emt 0:00:30]} 92. Nxb8 {[%emt 0:00:30]} 1/2-1/2

[Event "ISR-ch Women 2018"]
[Site "Ma'alot-Tarshih"]
[Date "2018.12.16"]
[Round "5"]
[White "Vardi, Shlomit"]
[Black "Haitovich, Avital"]
[Result "0-1"]
[WhiteElo "1910"]
[BlackElo "1979"]
[Annotator "NA"]
[PlyCount "82"]
[EventDate "2018.12.11"]
[EventType "swiss"]
[EventCountry "ISR"]
[SourceTitle "playchess.com"]
[Source "ChessBase"]
[SourceQuality "1"]
[TimeControl "40/5400+30:1800+30"]

1. e4 {[%emt 0:00:00]} c5 {[%emt 0:00:00]} 2. Nc3 {[%emt 0:00:00]} Nc6 {[%emt 0:00:00]} 3. Bb5 {[%emt 0:00:00]} Nd4 {[%emt 0:00:00]} 4. Nf3 {[%emt 0:00:00]} e6 {[%emt 0:00:00]} 5. O-O {[%emt 0:00:55]} a6 {[%emt 0:00:07]} 6. Bd3 {[%emt 0:00:13]} Nc6 {[%emt 0:00:19]} 7. Re1 {[%emt 0:02:20]} d6 {[%emt 0:00:43]} 8. Bf1 {[%emt 0:05:08]} Qc7 {[%emt 0:01:17]} 9. d4 {[%emt 0:02:18]} cxd4 {[%emt 0:01:08]} 10. Nxd4 {[%emt 0:00:04]} Nf6 {[%emt 0:01:57]} 11. Be3 {[%emt 0:04:44]} Be7 {[%emt 0:08:31]} 12. f3 {[%emt 0:12:55]} O-O {[%emt 0:02:32]} 13. Nxc6 {[%emt 0:05:23]} Qxc6 {[%emt 0:01:49]} 14. a4 {[%emt 0:00:48]} b6 {[%emt 0:05:56]} 15. Qd4 {[%emt 0:05:32]} Rb8 {[%emt 0:05:01]} 16. Kh1 {[%emt 0:04:17]} Rd8 {[%emt 0:06:57]} 17. Bc4 {[%emt 0:12:55]} d5 {[%emt 0:29:41]} 18. exd5 {[%emt 0:00:16]} exd5 {[%emt 0:00:19]} 19. Qe5 {[%emt 0:10:03]} Bd6 {[%emt 0:08:16]} 20. Bxd5 {[%emt 0:02:07]} Qc7 {[%emt 0:01:35]} 21. Qg5 {[%emt 0:07:55]} Bxh2 {[%emt 0:02:59]} 22. f4 {[%emt 0:10:24]} h6 {[%emt 0:03:37]} 23. Qh4 {[%emt 0:00:39]} Nxd5 {[%emt 0:01:00]} 24. Nxd5 {[%emt 0:01:47]} Rxd5 {[%emt 0:00:23]} 25. Qxh2 {[%emt 0:01:15]} Qxc2 {[%emt 0:05:59]} 26. f5 {[%emt 0:01:40]} Ra8 {[%emt 0:00:38]} 27. f6 {[%emt 0:05:15]} Bb7 {[%emt 0:04:48]} 28. Qg3 {[%emt 0:01:06]} g6 {[%emt 0:02:47]} 29. Rac1 {[%emt 0:01:51]} Qxb2 {[%emt 0:02:52]} 30. Rc7 {[%emt 0:00:14]} Rh5+ {[%emt 0:00:17]} 31. Kg1 {[%emt 0:00:11]} Bd5 {[%emt 0:00:02]} 32. Rd1 {[%emt 0:01:06]} Re8 {[%emt 0:02:07]} 33. Re7 {[%emt 0:01:47]} Rc8 {[%emt 0:00:19]} 34. Qg4 {[%emt 0:01:14]} Rc2 {[%emt 0:02:14]} 35. Rxd5 {[%emt 0:00:30]} Rxd5 {[%emt 0:00:02]} 36. Re8+ {[%emt 0:00:31]} Kh7 {[%emt 0:00:03]} 37. Re7 {[%emt 0:00:06]} Qa1+ {[%emt 0:01:15]} 38. Kh2 {[%emt 0:00:14]} Rh5+ {[%emt 0:00:57]} 39. Kg3 {[%emt 0:00:08]} Qe1+ {[%emt 0:00:07]} 40. Kf3 {[%emt 0:00:46]} Qf1+ {[%emt 0:00:42]} 41. Ke4 {[%emt 0:30:50]} Rc4+ {[%emt 0:02:36] Kd4 [%clk 0:00:00]} 0-1

[Event "ISR-ch Women 2018"]
[Site "Ma'alot-Tarshih"]
[Date "2018.12.16"]
[Round "5"]
[White "Katkov, Michelle"]
[Black "Buzukashvili, Sofia"]
[Result "1-0"]
[WhiteElo "1887"]
[BlackElo "1963"]
[Annotator "NA"]
[PlyCount "83"]
[EventDate "2018.12.11"]
[EventType "swiss"]
[EventCountry "ISR"]
[SourceTitle "playchess.com"]
[Source "ChessBase"]
[SourceQuality "1"]
[TimeControl "40/5400+30:1800+30"]

1. e4 {[%emt 0:00:00]} c5 {[%emt 0:00:00]} 2. c3 {[%emt 0:00:00]} d5 {[%emt 0:00:00]} 3. exd5 {[%emt 0:00:00]} Qxd5 {[%emt 0:00:00]} 4. d4 {[%emt 0:00:00]} Nf6 {[%emt 0:00:00]} 5. Nf3 {[%emt 0:00:19]} e6 {[%emt 0:00:31]} 6. Be3 {[%emt 0:00:08]} cxd4 {[%emt 0:00:45]} 7. cxd4 {[%emt 0:00:51]} Nc6 {[%emt 0:00:26]} 8. Nc3 {[%emt 0:00:37]} Qd6 {[%emt 0:00:34]} 9. Bd3 {[%emt 0:01:46]} Be7 {[%emt 0:00:22]} 10. O-O {[%emt 0:00:51]} O-O {[%emt 0:00:17]} 11. Rc1 {[%emt 0:01:30]} b6 {[%emt 0:05:02]} 12. a3 {[%emt 0:05:38]} Bb7 {[%emt 0:00:52]} 13. Bb1 {[%emt 0:03:54]} Rac8 {[%emt 0:04:18]} 14. Qd3 {[%emt 0:06:21]} g6 {[%emt 0:04:51]} 15. Rfe1 {[%emt 0:02:43]} Rfd8 {[%emt 0:05:46]} 16. Rcd1 {[%emt 0:02:27]} Nd5 {[%emt 0:03:46]} 17. Ba2 {[%emt 0:00:41]} Nxc3 {[%emt 0:02:22]} 18. bxc3 {[%emt 0:11:10]} Qxa3 {[%emt 0:01:21]} 19. Rd2 {[%emt 0:05:55]} Ba6 {[%emt 0:01:32]} 20. Qe4 {[%emt 0:03:39]} Qd6 {[%emt 0:35:56]} 21. Bf4 {[%emt 0:02:19]} Qd7 {[%emt 0:02:17]} 22. d5 {[%emt 0:06:30]} exd5 {[%emt 0:05:06]} 23. Bxd5 {[%emt 0:01:49]} Qf5 {[%emt 0:10:07]} 24. Qxf5 {[%emt 0:02:15]} gxf5 {[%emt 0:00:05]} 25. Bxc6 {[%emt 0:00:05]} Bf6 {[%emt 0:01:58]} 26. Rxd8+ {[%emt 0:00:38]} Rxd8 {[%emt 0:00:05]} 27. Be5 {[%emt 0:02:30]} Bxe5 {[%emt 0:01:20]} 28. Nxe5 {[%emt 0:00:34]} Rc8 {[%emt 0:01:12]} 29. Ra1 {[%emt 0:04:49]} f6 {[%emt 0:04:48]} 30. Bd5+ {[%emt 0:00:35]} Kg7 {[%emt 0:00:35]} 31. Rxa6 {[%emt 0:00:46]} fxe5 {[%emt 0:00:51]} 32. Rxa7+ {[%emt 0:00:06]} Kg6 {[%emt 0:03:26]} 33. Ra6 {[%emt 0:03:14]} Rxc3 {[%emt 0:01:09]} 34. Rxb6+ {[%emt 0:00:04]} Kg5 {[%emt 0:00:16]} 35. g3 {[%emt 0:01:51]} Rd3 {[%emt 0:00:45]} 36. Bg8 {[%emt 0:01:40]} Rd7 {[%emt 0:00:34]} 37. h4+ {[%emt 0:01:50]} Kh5 {[%emt 0:01:37]} 38. Rf6 {[%emt 0:02:53]} Rg7 {[%emt 0:02:03]} 39. Rxf5+ {[%emt 0:00:14]} Kg6 {[%emt 0:00:37]} 40. Rg5+ {[%emt 0:00:11]} Kh6 {[%emt 0:00:21]} 41. Rxg7 {[%emt 0:31:07]} Kxg7 {[%emt 0:30:06]} 42. Bxh7 {[%emt 0:02:13]} 1-0

[Event "ISR-ch Women 2018"]
[Site "Ma'alot-Tarshih"]
[Date "2018.12.16"]
[Round "5"]
[White "Brusilovski, Lena"]
[Black "Orian, Noga"]
[Result "0-1"]
[WhiteElo "1886"]
[BlackElo "1343"]
[Annotator "NA"]
[PlyCount "124"]
[EventDate "2018.12.11"]
[EventType "swiss"]
[EventCountry "ISR"]
[SourceTitle "playchess.com"]
[Source "ChessBase"]
[SourceQuality "1"]
[TimeControl "40/5400+30:1800+30"]

1. e4 {[%emt 0:00:00]} c5 {[%emt 0:00:00]} 2. Nf3 {[%emt 0:00:59]} d6 {[%emt 0:00:00]} 3. d4 {[%emt 0:01:30]} cxd4 {[%emt 0:00:00]} 4. Nxd4 {[%emt 0:00:24]} Nf6 {[%emt 0:00:00]} 5. Nc3 {[%emt 0:00:44]} a6 {[%emt 0:00:00]} 6. Bg5 {[%emt 0:01:15]} Nbd7 {[%emt 0:00:11]} 7. f4 {[%emt 0:01:19]} Qb6 {[%emt 0:00:23]} 8. Nb3 {[%emt 0:03:40]} h6 {[%emt 0:00:08]} 9. Bxf6 {[%emt 0:01:02]} Nxf6 {[%emt 0:00:09]} 10. Qd4 {[%emt 0:00:36]} Qxd4 {[%emt 0:01:06]} 11. Nxd4 {[%emt 0:00:36]} g6 {[%emt 0:01:07]} 12. O-O-O {[%emt 0:00:45]} Bg7 {[%emt 0:00:46]} 13. Be2 {[%emt 0:01:56]} Bg4 {[%emt 0:01:22]} 14. Nf3 {[%emt 0:00:57]} Bd7 {[%emt 0:22:31]} 15. Rhg1 {[%emt 0:09:33]} Bc6 {[%emt 0:06:34]} 16. Bd3 {[%emt 0:02:00]} Nd7 {[%emt 0:11:36]} 17. Nd5 {[%emt 0:03:33]} Rc8 {[%emt 0:04:38]} 18. c3 {[%emt 0:01:31]} Nf6 {[%emt 0:08:11]} 19. Nb6 {[%emt 0:02:33]} Rc7 {[%emt 0:04:04]} 20. e5 {[%emt 0:04:09]} dxe5 {[%emt 0:01:02]} 21. fxe5 {[%emt 0:00:28]} Nd7 {[%emt 0:04:30]} 22. Nxd7 {[%emt 0:01:21]} Bxd7 {[%emt 0:00:03]} 23. Rge1 {[%emt 0:01:29]} e6 {[%emt 0:00:34]} 24. Be4 {[%emt 0:04:25]} Bc6 {[%emt 0:01:32]} 25. Nd4 {[%emt 0:07:53]} Bxe4 {[%emt 0:00:46]} 26. Rxe4 {[%emt 0:00:08]} Ke7 {[%emt 0:00:58]} 27. Nb3 {[%emt 0:01:03]} Rd8 {[%emt 0:00:55]} 28. Rxd8 {[%emt 0:02:52]} Kxd8 {[%emt 0:00:02]} 29. Kd2 {[%emt 0:00:35]} Rd7+ {[%emt 0:02:00]} 30. Ke3 {[%emt 0:01:11]} Rd5 {[%emt 0:02:52]} 31. h3 {[%emt 0:08:11]} Rxe5 {[%emt 0:01:14]} 32. Rxe5 {[%emt 0:02:13]} Bxe5 {[%emt 0:00:02]} 33. Nc5 {[%emt 0:00:48]} Kc7 {[%emt 0:00:27]} 34. Ke4 {[%emt 0:00:41]} Bf6 {[%emt 0:00:42]} 35. g4 {[%emt 0:01:31]} Kc6 {[%emt 0:00:29]} 36. Nd3 {[%emt 0:02:07]} b5 {[%emt 0:02:09]} 37. h4 {[%emt 0:04:14]} Kd6 {[%emt 0:03:46]} 38. h5 {[%emt 0:02:05]} gxh5 {[%emt 0:03:13]} 39. gxh5 {[%emt 0:00:25]} Bg5 {[%emt 0:00:38]} 40. b3 {[%emt 0:01:21]} f5+ {[%emt 0:01:16]} 41. Kf3 {[%emt 0:30:18]} e5 {[%emt 0:30:50]} 42. Nf2 {[%emt 0:00:37]} Kd5 {[%emt 0:00:46]} 43. Ke2 {[%emt 0:00:59]} Bh4 {[%emt 0:08:59]} 44. Nd3 {[%emt 0:01:20]} a5 {[%emt 0:00:14]} 45. c4+ {[%emt 0:00:51]} bxc4 {[%emt 0:00:55]} 46. bxc4+ {[%emt 0:00:03]} Kd4 {[%emt 0:00:17]} 47. c5 {[%emt 0:00:26]} e4 {[%emt 0:01:14]} 48. Nf4 {[%emt 0:25:23]} Kxc5 {[%emt 0:00:32]} 49. Ne6+ {[%emt 0:00:00]} Kb4 {[%emt 0:02:00]} 50. Nd4 {[%emt 0:00:00]} f4 {[%emt 0:00:54]} 51. Nc6+ {[%emt 0:00:00]} Ka4 {[%emt 0:00:24]} 52. Nd4 {[%emt 0:00:00]} Ka3 {[%emt 0:01:12]} 53. Nf5 {[%emt 0:00:00]} Bg5 {[%emt 0:00:27]} 54. Nd6 {[%emt 0:00:00]} f3+ {[%emt 0:03:06]} 55. Kf2 {[%emt 0:00:00]} Bh4+ {[%emt 0:00:48]} 56. Ke3 {[%emt 0:00:00]} f2 {[%emt 0:00:46]} 57. Ke2 {[%emt 0:00:00]} Kxa2 {[%emt 0:00:43]} 58. Nxe4 {[%emt 0:00:00]} Kb3 {[%emt 0:00:39]} 59. Nd2+ {[%emt 0:00:00]} Kb4 {[%emt 0:00:31]} 60. Nf3 {[%emt 0:00:00]} Bg3 {[%emt 0:00:25]} 61. Nd4 {[%emt 0:00:00]} a4 {[%emt 0:00:48]} 62. Nf5 {[%emt 0:00:00]} a3 {[%emt 0:00:54]} 0-1